[Event "HUN-chT2 9900"]
[Site "Hungary"]
[Date "2000.02.13"]
[Round "7"]
[White "Kecskes, Gabor"]
[Black "Metaxasz, Vaszilisz"]
[Result "1-0"]
[WhiteElo "2148"]
[BlackElo "2195"]
[PlyCount "73"]
[EventDate "1999.09.26"]
[EventType "team"]
[EventRounds "11"]
[EventCountry "HUN"]
[SourceTitle "EXT 2002"]
[Source "ChessBase"]
[SourceDate "2001.11.25"]
[SourceVersion "1"]
[SourceVersionDate "2001.11.25"]
[SourceQuality "1"]

1. d4 d5 2. c4 c6 3. Nf3 Nf6 4. Nc3 dxc4 5. a4 Bg4 6. Ne5 Bh5 7. g3 e6 8. Bg2 Bb4 9. 0-0 Nd5 10. Qc2 Qb6 11. Rd1 Qa6 12. Ne4 Nd7 13. Nxc4 0-0 14. Bf4 Nxf4 15. gxf4 Bg6 16. Qb3 Be7 17. Ng3 h5 18. e3 h4 19. Ne4 h3 20. Bf3 Rab8 21. Ng3 c5 22. d5 exd5 23. Rxd5 Qc6 24. Qd1 Rbd8 25. Qe2 Qa6 26. f5 Bh7 27. e4 Nb6 28. Nxb6 Qxb6 29. Rad1 Rxd5 30. Rxd5 Rd8 31. e5 Qc7 32. Qd2 b6 33. Bg4 Kf8 34. Bxh3 Ke8 35. Ne4 Qc6 36. Rxd8+ Bxd8 37. Nd6+ 1-0

[Event "HUN-chT 9899"]
[Site "Hungary"]
[Date "1999.??.??"]
[Round "?"]
[White "Kecskes, Gabor"]
[Black "Lorincz, Istvan"]
[Result "0-1"]
[WhiteElo "2150"]
[BlackElo "2350"]
[PlyCount "44"]
[EventDate "1998.??.??"]
[EventType "team"]
[EventRounds "12"]
[EventCountry "HUN"]
[SourceTitle "EXT 2000"]
[Source "ChessBase"]
[SourceDate "1999.11.16"]
[SourceVersion "1"]
[SourceVersionDate "1999.11.16"]
[SourceQuality "1"]

1. d4 Nf6 2. c4 e6 3. Nc3 Bb4 4. Qc2 c5 5. dxc5 Na6 6. Bg5 Nxc5 7. f3 h6 8. Bh4 Qa5 9. e3 Bxc3+ 10. bxc3 b6 11. Ne2 Ba6 12. Nd4 Rc8 13. Rc1 d6 14. Be2 Ncd7 15. Nb5 Bxb5 16. cxb5 Nd5 17. Qd2 Nxc3 18. 0-0 Qa3 19. Bd3 Ne5 20. Rc2 Rc5 21. f4 Nxd3 22. Qxd3 Nxb5 0-1

[Event "HUN-chT 9899"]
[Site "Hungary"]
[Date "1998.??.??"]
[Round "?"]
[White "Vigh, Bela"]
[Black "Kecskes, Gabor"]
[Result "1/2-1/2"]
[WhiteElo "2385"]
[BlackElo "2150"]
[PlyCount "46"]
[EventDate "1998.??.??"]
[EventType "team"]
[EventRounds "12"]
[EventCountry "HUN"]
[SourceTitle "EXT 2000"]
[Source "ChessBase"]
[SourceDate "1999.11.16"]
[SourceVersion "1"]
[SourceVersionDate "1999.11.16"]
[SourceQuality "1"]

1. d4 Nf6 2. c4 g6 3. Nc3 Bg7 4. e4 d6 5. Nge2 0-0 6. Ng3 c5 7. d5 e6 8. Be2 exd5 9. cxd5 b6 10. 0-0 Ba6 11. Bf4 Re8 12. Bxa6 Nxa6 13. Qd2 Qd7 14. Bh6 Bh8 15. h3 b5 16. Rae1 c4 17. f3 Nc5 18. Nce2 a5 19. Rb1 b4 20. Nd4 Nd3 21. Nc6 Nxb2 22. Qxb2 Nxd5 23. Qf2 Nc3 1/2-1/2

[Event "HUN-chT 9697"]
[Site "Hungary"]
[Date "1997.??.??"]
[Round "13"]
[White "Kecskes, Gabor"]
[Black "Halasz, Tamas"]
[Result "0-1"]
[WhiteElo "2165"]
[BlackElo "2370"]
[PlyCount "68"]
[EventDate "1996.??.??"]
[EventType "team"]
[EventRounds "12"]
[EventCountry "HUN"]
[SourceTitle "EXT 2006"]
[Source "ChessBase"]
[SourceDate "2005.11.24"]
[SourceVersion "1"]
[SourceVersionDate "2005.11.24"]
[SourceQuality "1"]
[WhiteTeam "Ajka Banyasz"]
[BlackTeam "Miskolc"]
[WhiteTeamCountry "HUN"]
[BlackTeamCountry "HUN"]

1. d4 d5 2. c4 e6 3. cxd5 exd5 4. Nc3 Nf6 5. Bg5 c6 6. e3 Nbd7 7. Bd3 Bd6 8. Qc2 Nf8 9. Nge2 Ng6 10. f3 h6 11. Bxf6 Qxf6 12. 0-0-0 0-0 13. Kb1 Qg5 14. e4 Qxg2 15. Rhg1 Qxf3 16. e5 Be7 17. Rdf1 Qh3 18. Ng3 Nh4 19. Nce2 Bg5 20. Nf4 Qd7 21. Ngh5 Qe7 22. Nxg7 Kxg7 23. Nh5+ Kh8 24. Nf6 Bh3 25. Rxg5 hxg5 26. Qd1 Kg7 27. Nh5+ Kh6 28. Nf6 Rh8 29. Qh5+ Kg7 30. Qxg5+ Kf8 31. Rg1 Bg2 32. Bf1 Be4+ 33. Ka1 Bg6 34. Bh3 Nf3 0-1

[Event "HUN-chT 9596"]
[Site "Hungary"]
[Date "1996.??.??"]
[Round "9"]
[White "Cao, Sang"]
[Black "Kecskes, Gabor"]
[Result "1-0"]
[WhiteElo "2300"]
[BlackElo "2100"]
[PlyCount "73"]
[EventDate "1995.??.??"]
[EventType "team"]
[EventRounds "13"]
[EventCountry "HUN"]
[SourceTitle "EXT 2000"]
[Source "ChessBase"]
[SourceDate "1999.11.16"]
[SourceVersion "1"]
[SourceVersionDate "1999.11.16"]
[SourceQuality "1"]

1. e4 e6 2. d4 d5 3. Nc3 Bb4 4. e5 c5 5. a3 Bxc3+ 6. bxc3 Ne7 7. a4 Qc7 8. Nf3 b6 9. Be2 h6 10. 0-0 0-0 11. Ba3 Ba6 12. Bxa6 Nxa6 13. Qe2 Nb8 14. Rfd1 Rc8 15. Ne1 cxd4 16. cxd4 Nbc6 17. Rd3 Na5 18. Bc1 Nf5 19. Qd1 Qd8 20. g4 Nh4 21. Rh3 Rc4 22. Raa3 Nc6 23. Be3 Rc8 24. Qd2 g5 25. c3 f5 26. Rxh4 gxh4 27. gxf5 exf5 28. Bxh6 Kh7 29. Nf3 Qg8+ 30. Bg5 Ne7 31. h3 R4c6 32. Kh1 R8c7 33. Bf6 Qg6 34. Qf4 Rxf6 35. exf6 Rc8 36. Qxh4+ Kg8 37. Ne5 1-0

[Event "Budapest FS08 IM-B"]
[Site "Budapest"]
[Date "1995.??.??"]
[Round "8"]
[White "Czebe, Attila"]
[Black "Kecskes, Gabor"]
[Result "1/2-1/2"]
[WhiteElo "2340"]
[BlackElo "2280"]
[PlyCount "21"]
[EventDate "1995.08.??"]
[EventType "tourn"]
[EventRounds "11"]
[EventCountry "HUN"]
[EventCategory "3"]
[SourceTitle "EXT 1997"]
[Source "ChessBase"]
[SourceDate "1996.11.15"]
[SourceVersion "1"]
[SourceVersionDate "1996.11.15"]
[SourceQuality "1"]

1. d4 d5 2. c4 c6 3. Nf3 Nf6 4. Nc3 a6 5. c5 Nbd7 6. g3 g6 7. Bg2 Bg7 8. 0-0 0-0 9. b4 Ne8 10. Bf4 Nc7 11. Qd2 1/2-1/2

[Event "Budapest FS09 IM-A"]
[Site "Budapest"]
[Date "1995.??.??"]
[Round "10"]
[White "Horvath, Gabor"]
[Black "Kecskes, Gabor"]
[Result "1-0"]
[WhiteElo "2325"]
[BlackElo "2280"]
[PlyCount "80"]
[EventDate "1995.09.??"]
[EventType "tourn"]
[EventRounds "11"]
[EventCountry "HUN"]
[EventCategory "3"]
[SourceTitle "EXT 1997"]
[Source "ChessBase"]
[SourceDate "1996.11.15"]
[SourceVersion "1"]
[SourceVersionDate "1996.11.15"]
[SourceQuality "1"]

1. Nf3 Nf6 2. g3 d5 3. Bg2 c6 4. d3 Bg4 5. Nbd2 Nbd7 6. h3 Bh5 7. 0-0 e6 8. Re1 Bc5 9. c3 Qc7 10. b4 Bd6 11. Bb2 a5 12. a3 0-0 13. e4 Ne5 14. Qc2 dxe4 15. dxe4 Bxf3 16. Nxf3 Nc4 17. Bf1 Ne5 18. Nxe5 Bxe5 19. f4 Bxf4 20. gxf4 Qxf4 21. Qf2 Qg5+ 22. Qg2 Qh4 23. Bc1 h6 24. Qf2 Qh5 25. Bf4 e5 26. Bh2 Nh7 27. Qf5 Ng5 28. Bg2 Rad8 29. Bxe5 Rd3 30. Kh1 Rfd8 31. Qg4 Qg6 32. h4 f6 33. Bd4 h5 34. Qf5 Qxf5 35. exf5 Nf3 36. Bxf3 Rxf3 37. Re7 Kf8 38. Rxb7 Re8 39. Rg1 Rh3+ 40. Kg2 Rxh4 1-0

[Event "Budapest Spring op 11th"]
[Site "Budapest"]
[Date "1995.??.??"]
[Round "6"]
[White "Kahn, Evarth"]
[Black "Kecskes, Gabor"]
[Result "0-1"]
[WhiteElo "2400"]
[BlackElo "2100"]
[PlyCount "74"]
[EventDate "1995.03.??"]
[EventType "swiss"]
[EventRounds "9"]
[EventCountry "HUN"]
[SourceTitle "EXT 1997"]
[Source "ChessBase"]
[SourceDate "1996.11.15"]
[SourceVersion "1"]
[SourceVersionDate "1996.11.15"]
[SourceQuality "1"]

1. d4 Nf6 2. c4 g6 3. Nc3 Bg7 4. e4 d6 5. f4 0-0 6. Nf3 c5 7. d5 e6 8. Be2 exd5 9. cxd5 Nbd7 10. 0-0 Re8 11. Nd2 a6 12. a4 Qc7 13. Bf3 Rb8 14. a5 c4 15. Kh1 h5 16. Qc2 b5 17. axb6 Nxb6 18. Na4 Nfd7 19. Ra3 Re7 20. Nxb6 Nxb6 21. Nb1 Nxd5 22. f5 Nb4 23. Qd1 Nd3 24. Bxh5 gxh5 25. f6 Bxf6 26. Rxf6 Rxe4 27. Rxd3 cxd3 28. Nc3 Bg4 29. Qd2 Re5 30. h3 Qe7 31. Rf1 Be2 32. Rg1 d5 33. Qf4 Rd8 34. Qd4 Rf5 35. g4 Bf3+ 36. Kh2 Qd6+ 37. Rg3 h4 0-1

[Event "Budapest FS09 IM-A"]
[Site "Budapest"]
[Date "1995.??.??"]
[Round "4"]
[White "Kecskes, Gabor"]
[Black "Barth, Norbert"]
[Result "1-0"]
[WhiteElo "2280"]
[BlackElo "2270"]
[PlyCount "79"]
[EventDate "1995.09.??"]
[EventType "tourn"]
[EventRounds "11"]
[EventCountry "HUN"]
[EventCategory "3"]
[SourceTitle "EXT 1997"]
[Source "ChessBase"]
[SourceDate "1996.11.15"]
[SourceVersion "1"]
[SourceVersionDate "1996.11.15"]
[SourceQuality "1"]

1. d4 Nf6 2. Bg5 e6 3. Nd2 c5 4. e3 b6 5. Ne4 Be7 6. Bxf6 gxf6 7. d5 Bb7 8. c4 f5 9. Nc3 Bf6 10. Nge2 d6 11. g3 Nd7 12. Bg2 Ne5 13. 0-0 Qd7 14. Nb5 0-0-0 15. Nxa7+ Kb8 16. Nb5 Nxc4 17. Qa4 Na5 18. Rfd1 Ba6 19. Nec3 Bxc3 20. Nxc3 Qxa4 21. Nxa4 Ka7 22. b3 b5 23. Nc3 b4 24. Nb1 Kb6 25. Nd2 Bb7 26. Nf1 Rhe8 27. f4 Re7 28. Kf2 Rc7 29. Rac1 c4 30. bxc4 Rxc4 31. Rxc4 Nxc4 32. Rc1 Bxd5 33. Bxd5 exd5 34. h3 h5 35. Rc2 Ra8 36. Nh2 Ra3 37. Re2 d4 38. exd4 Rd3 39. Nf3 d5 40. Re8 1-0

[Event "Budapest Furdo"]
[Site "Budapest"]
[Date "1995.??.??"]
[Round "3"]
[White "Kecskes, Gabor"]
[Black "Eperjesi, Laszlo"]
[Result "0-1"]
[WhiteElo "2100"]
[BlackElo "2350"]
[PlyCount "67"]
[EventDate "1995.??.??"]
[EventType "tourn"]
[EventRounds "11"]
[EventCountry "HUN"]
[SourceTitle "EXT 1999"]
[Source "ChessBase"]
[SourceDate "1998.11.16"]
[SourceVersion "1"]
[SourceVersionDate "1998.11.16"]
[SourceQuality "1"]

1. d4 Nf6 2. Bg5 c5 3. Bxf6 gxf6 4. d5 f5 5. c4 Bg7 6. Nc3 Bxc3+ 7. bxc3 d6 8. e3 Qa5 9. Ne2 Nd7 10. Qc2 Nb6 11. Nf4 Bd7 12. Bd3 e6 13. dxe6 fxe6 14. 0-0 0-0-0 15. Rab1 Rhg8 16. Rb2 Rg5 17. Rfb1 Rdg8 18. g3 Re8 19. e4 fxe4 20. Bxe4 d5 21. cxd5 exd5 22. Rxb6 axb6 23. Nxd5 Re6 24. f4 Rg7 25. f5 Rd6 26. f6 Rf7 27. Rd1 Kb8 28. Rd2 Bc6 29. Ne7 Bxe4 30. Qxe4 Rxd2 31. Qe5+ Ka7 32. Nc8+ Ka6 33. Qe6 Rfd7 34. Qc4+ 0-1

[Event "Budapest FS10 IM-A"]
[Site "Budapest"]
[Date "1995.??.??"]
[Round "7"]
[White "Kecskes, Gabor"]
[Black "Habibi, Ali"]
[Result "1/2-1/2"]
[WhiteElo "2280"]
[BlackElo "2295"]
[PlyCount "188"]
[EventDate "1995.10.??"]
[EventType "tourn"]
[EventRounds "11"]
[EventCountry "HUN"]
[EventCategory "2"]
[SourceTitle "CBM 050 Extra"]
[Source "ChessBase"]
[SourceDate "1996.03.01"]
[SourceVersion "1"]
[SourceVersionDate "1996.03.01"]
[SourceQuality "1"]

1. d4 d6 2. Nf3 Nf6 3. c4 g6 4. Nc3 Bg7 5. e4 0-0 6. Be2 e5 7. Be3 Nc6 8. d5 Ne7 9. Nd2 Ne8 10. 0-0 f5 11. f3 f4 12. Bf2 g5 13. c5 Rf6 14. a4 h5 15. Nb5 a6 16. cxd6 cxd6 17. Na3 Rg6 18. Nac4 g4 19. Bh4 Bf6 20. Bxf6 Nxf6 21. a5 gxf3 22. Bxf3 Bg4 23. Kh1 Kg7 24. Qb3 Rb8 25. Qb6 Nd7 26. Qb4 Nc8 27. Qc3 Kh7 28. Rac1 Na7 29. Na3 Rc8 30. Qb4 Bxf3 31. Nxf3 Rc7 32. Rc3 Rxc3 33. bxc3 Qc7 34. Nh4 Rg4 35. Nf5 Nc5 36. Rb1 Rg6 37. c4 Nc8 38. Qe1 Qd8 39. Qe2 Qg5 40. Nc2 Qg4 41. Qf3 Rf6 42. Ne1 Rf7 43. h3 Qxf3 44. gxf3 Rc7 45. Rb4 Kg6 46. Kg2 Kf6 47. Kf1 Rd7 48. Ke2 Ne7 49. Nxe7 Kxe7 50. Nd3 Nxd3 51. Kxd3 Rc7 52. Rb6 Kd7 53. Kc3 Ke7 54. Rb1 Kf6 55. Rb6 Ke7 56. Kb4 Kd7 57. Kb3 Ke7 58. c5 Rxc5 59. Rxb7+ Kd8 60. Rb6 Kd7 61. Rxa6 Rc1 62. Ra7+ Kc8 63. Ka4 Rc3 64. Kb5 Rxf3 65. Kc6 Kb8 66. Rb7+ Ka8 67. Rh7 Re3 68. Kxd6 Rxe4 69. Ke6 f3 70. d6 Rd4 71. Kxe5 f2 72. Rf7 Rd2 73. Ke6 Re2+ 74. Kd7 Kb7 75. Kd8+ Kc6 76. d7 Rd2 77. Rf6+ Kb7 78. Ke7 Re2+ 79. Kd8 h4 80. a6+ Ka7 81. Kc7 Rc2+ 82. Kd6 Rd2+ 83. Ke7 Re2+ 84. Kf7 Rd2 85. Ke6 Re2+ 86. Kd5 Rd2+ 87. Kc6 Rc2+ 88. Kb5 Rb2+ 89. Kc5 Rc2+ 90. Kd6 Rd2+ 91. Ke5 Rxd7 92. Rxf2 Rd3 93. Rh2 Kxa6 94. Kf4 Rg3 1/2-1/2

[Event "Budapest FS08 IM-B"]
[Site "Budapest"]
[Date "1995.??.??"]
[Round "11"]
[White "Kecskes, Gabor"]
[Black "Kahn, Evarth"]
[Result "0-1"]
[WhiteElo "2280"]
[BlackElo "2350"]
[PlyCount "72"]
[EventDate "1995.08.??"]
[EventType "tourn"]
[EventRounds "11"]
[EventCountry "HUN"]
[EventCategory "3"]
[SourceTitle "EXT 1997"]
[Source "ChessBase"]
[SourceDate "1996.11.15"]
[SourceVersion "1"]
[SourceVersionDate "1996.11.15"]
[SourceQuality "1"]

1. d4 Nf6 2. Nf3 g6 3. c4 Bg7 4. Nc3 0-0 5. e4 d6 6. Be2 e5 7. Be3 h6 8. 0-0 Ng4 9. Bc1 Nc6 10. d5 Ne7 11. Ne1 f5 12. Bxg4 fxg4 13. b4 a5 14. bxa5 Rxa5 15. a4 g5 16. Ba3 Ng6 17. Bb4 Ra6 18. c5 Nh4 19. Nb5 Rf4 20. cxd6 cxd6 21. Qc2 Nf3+ 22. gxf3 gxf3 23. Qc7 Qe8 24. Ra3 Bh3 25. Nxd6 Rxd6 26. Bxd6 Qh5 27. Rxf3 Rxf3 28. Bxe5 Bxe5 29. Qxe5 Qg4+ 30. Kh1 Bxf1 31. Qe8+ Kg7 32. Qe5+ Rf6 33. d6 Bg2+ 34. Nxg2 Qd1+ 35. Ne1 Qxe1+ 36. Kg2 Qxf2+ 0-1

[Event "HUN-chT2 9495"]
[Site "Hungary"]
[Date "1995.??.??"]
[Round "?"]
[White "Kecskes, Gabor"]
[Black "Kulcsar, Miklos"]
[Result "1-0"]
[WhiteElo "2100"]
[BlackElo "2215"]
[PlyCount "95"]
[EventDate "1994.??.??"]
[EventType "team"]
[EventRounds "13"]
[EventCountry "HUN"]
[SourceTitle "EXT 1999"]
[Source "ChessBase"]
[SourceDate "1998.11.16"]
[SourceVersion "1"]
[SourceVersionDate "1998.11.16"]
[SourceQuality "1"]

1. d4 c5 2. d5 Nf6 3. Nc3 d6 4. e4 g6 5. f4 Bg7 6. Bb5+ Nfd7 7. a4 0-0 8. Nf3 Na6 9. 0-0 Nc7 10. Bc4 b6 11. Qe2 a6 12. e5 Rb8 13. e6 fxe6 14. dxe6 Nf6 15. f5 gxf5 16. Bf4 b5 17. axb5 axb5 18. Nxb5 Nxb5 19. Bxb5 Ne4 20. Ng5 Nxg5 21. Bxg5 Bd4+ 22. Kh1 Be5 23. Bc4 Qe8 24. Ra7 Bb7 25. Ra3 Qg6 26. Bf4 Bxf4 27. Rxf4 Qh6 28. Rg3+ Kh8 29. Qe3 Rf6 30. Kg1 Rg8 31. Rxg8+ Kxg8 32. g3 Be4 33. Qb3 Qg5 34. c3 Rg6 35. Kf2 Qf6 36. Qb8+ Kg7 37. Qe8 d5 38. Bb3 c4 39. Bd1 Qxe6 40. Bh5 Qb6+ 41. Kf1 Bd3+ 42. Kg2 Qxb2+ 43. Kh3 Qxc3 44. Qxe7+ Kh6 45. Bd1 Rg4 46. Bxg4 fxg4+ 47. Rxg4 Bg6 48. Qf8+ 1-0

[Event "Budapest FS10 IM-A"]
[Site "Budapest"]
[Date "1995.??.??"]
[Round "11"]
[White "Kecskes, Gabor"]
[Black "Labin, Sascha"]
[Result "1/2-1/2"]
[WhiteElo "2280"]
[BlackElo "2210"]
[PlyCount "20"]
[EventDate "1995.10.??"]
[EventType "tourn"]
[EventRounds "11"]
[EventCountry "HUN"]
[EventCategory "2"]
[SourceTitle "CBM 050 Extra"]
[Source "ChessBase"]
[SourceDate "1996.03.01"]
[SourceVersion "1"]
[SourceVersionDate "1996.03.01"]
[SourceQuality "1"]

1. e4 e5 2. Nf3 Nc6 3. Nc3 Nf6 4. d4 Bb4 5. Nxe5 Bxc3+ 6. bxc3 Qe7 7. Qd3 d6 8. Nf3 Qxe4+ 9. Qxe4+ Nxe4 10. Bd3 Nf6 1/2-1/2

[Event "HUN-chT 9596"]
[Site "Hungary"]
[Date "1995.??.??"]
[Round "2"]
[White "Kecskes, Gabor"]
[Black "Ortel, Endre"]
[Result "1-0"]
[WhiteElo "2100"]
[BlackElo "2345"]
[PlyCount "92"]
[EventDate "1995.??.??"]
[EventType "team"]
[EventRounds "13"]
[EventCountry "HUN"]
[SourceTitle "EXT 2000"]
[Source "ChessBase"]
[SourceDate "1999.11.16"]
[SourceVersion "1"]
[SourceVersionDate "1999.11.16"]
[SourceQuality "1"]

1. d4 Nf6 2. c4 e6 3. Nc3 Bb4 4. Qc2 c5 5. dxc5 0-0 6. Nf3 Na6 7. g3 Nxc5 8. Bg2 b6 9. Nd4 Bb7 10. Bxb7 Nxb7 11. 0-0 Rc8 12. b3 d5 13. Rd1 Qe7 14. Ncb5 Na5 15. a3 Bc5 16. Bd2 a6 17. Bxa5 axb5 18. Be1 bxc4 19. bxc4 Bxa3 20. Qd3 Bc5 21. cxd5 Nxd5 22. Nb3 f5 23. Nd4 Rfd8 24. Qb3 Qf6 25. e3 g5 26. Rd3 f4 27. Nxe6 Qxe6 28. Rad1 fxe3 29. Rxd5 exf2+ 30. Bxf2 Rxd5 31. Qxd5 Qxd5 32. Rxd5 h6 33. h4 gxh4 34. gxh4 Kf7 35. Kf1 Ke6 36. Rh5 Rf8 37. Rxh6+ Kd5 38. Rh5+ Ke4 39. Rxc5 bxc5 40. Ke2 c4 41. Be1 Ra8 42. Kd2 Ra2+ 43. Kc3 Kd5 44. Bd2 Ra3+ 45. Kc2 Kd4 46. h5 Ra2+ 1-0

[Event "Budapest Furdo"]
[Site "Budapest"]
[Date "1995.??.??"]
[Round "9"]
[White "Kecskes, Gabor"]
[Black "Schneider, Attila"]
[Result "1/2-1/2"]
[WhiteElo "2100"]
[BlackElo "2360"]
[PlyCount "23"]
[EventDate "1995.??.??"]
[EventType "tourn"]
[EventRounds "11"]
[EventCountry "HUN"]
[SourceTitle "EXT 1999"]
[Source "ChessBase"]
[SourceDate "1998.11.16"]
[SourceVersion "1"]
[SourceVersionDate "1998.11.16"]
[SourceQuality "1"]

1. d4 Nf6 2. c4 g6 3. Nc3 Bg7 4. Nf3 d6 5. g3 0-0 6. Bg2 Nc6 7. 0-0 a6 8. d5 Na5 9. Nd2 c5 10. Qc2 Rb8 11. b3 b5 12. Rb1 1/2-1/2

[Event "Budapest Furdo"]
[Site "Budapest"]
[Date "1995.??.??"]
[Round "8"]
[White "Kosztolanczi, Gyula"]
[Black "Kecskes, Gabor"]
[Result "0-1"]
[WhiteElo "2185"]
[BlackElo "2100"]
[PlyCount "44"]
[EventDate "1995.??.??"]
[EventType "tourn"]
[EventRounds "11"]
[EventCountry "HUN"]
[SourceTitle "EXT 1999"]
[Source "ChessBase"]
[SourceDate "1998.11.16"]
[SourceVersion "1"]
[SourceVersionDate "1998.11.16"]
[SourceQuality "1"]

1. e4 e6 2. d4 d5 3. Nc3 Bb4 4. e5 c5 5. a3 Bxc3+ 6. bxc3 Ne7 7. Qg4 Qc7 8. Qxg7 Rg8 9. Qxh7 cxd4 10. Ne2 Nbc6 11. f4 Bd7 12. Qd3 dxc3 13. Be3 Nf5 14. Bf2 0-0-0 15. g3 d4 16. Bg2 Na5 17. h3 Bc6 18. Bxc6 Qxc6 19. Rg1 Nc4 20. Bxd4 Nxd4 21. Nxd4 Qc5 22. Qxc3 Rxd4 0-1

[Event "HUN-chT2 9495"]
[Site "Hungary"]
[Date "1995.??.??"]
[Round "?"]
[White "Nagy, Robert"]
[Black "Kecskes, Gabor"]
[Result "0-1"]
[WhiteElo "2215"]
[BlackElo "2100"]
[PlyCount "62"]
[EventDate "1994.??.??"]
[EventType "team"]
[EventRounds "13"]
[EventCountry "HUN"]
[SourceTitle "EXT 1999"]
[Source "ChessBase"]
[SourceDate "1998.11.16"]
[SourceVersion "1"]
[SourceVersionDate "1998.11.16"]
[SourceQuality "1"]

1. e4 e6 2. d4 d5 3. exd5 exd5 4. Bd3 Nf6 5. Bg5 h6 6. Bf4 c5 7. c3 Nc6 8. Ne2 Qb6 9. Nd2 cxd4 10. 0-0 Be7 11. Nxd4 Nxd4 12. cxd4 0-0 13. Nb3 Bg4 14. f3 Bd7 15. Re1 Rfe8 16. Rc1 Ba4 17. Kh1 Bb4 18. Bd2 Bxb3 19. axb3 Qxd4 20. Be3 Qh4 21. Re2 Bd6 22. g3 Bxg3 23. Qg1 Nh5 24. Rg2 Bf4 25. Rg4 Qf6 26. Bd4 Be5 27. Bxe5 Qxf3+ 28. Qg2 Qxg2+ 29. Kxg2 Rxe5 30. Rc7 Re3 31. Rd4 Rxd3 0-1

[Event "Budapest Furdo"]
[Site "Budapest"]
[Date "1995.??.??"]
[Round "6"]
[White "Szieberth, Adam"]
[Black "Kecskes, Gabor"]
[Result "0-1"]
[WhiteElo "2330"]
[BlackElo "2100"]
[PlyCount "90"]
[EventDate "1995.??.??"]
[EventType "tourn"]
[EventRounds "11"]
[EventCountry "HUN"]
[SourceTitle "EXT 1999"]
[Source "ChessBase"]
[SourceDate "1998.11.16"]
[SourceVersion "1"]
[SourceVersionDate "1998.11.16"]
[SourceQuality "1"]

1. e4 e6 2. d4 d5 3. Nd2 c5 4. Ngf3 cxd4 5. exd5 Qxd5 6. Bc4 Qd6 7. 0-0 Nf6 8. Nb3 Nc6 9. Nbxd4 Nxd4 10. Nxd4 a6 11. b3 Qc7 12. Qf3 Bd6 13. h3 0-0 14. a4 e5 15. Ne2 b5 16. Qxa8 Bb7 17. Qxf8+ Kxf8 18. axb5 axb5 19. Bxb5 Qxc2 20. Bc4 Qg6 21. f3 e4 22. Bf4 Bc5+ 23. Kh2 exf3 24. gxf3 Qf5 25. Bc7 Bc8 26. Nf4 Ne8 27. Bb8 g5 28. Bd3 Qd7 29. Ra5 Be3 30. Rxg5 Bxf4+ 31. Bxf4 Qxd3 32. Rf2 Qd4 33. Bg3 Qd7 34. Rh5 Nf6 35. Rh4 Qd5 36. b4 Bb7 37. Rh6 Qg5 38. Rh4 Qd5 39. Rh6 Nh5 40. Rd6 Qb3 41. Rd8+ Ke7 42. Bh4+ f6 43. Rh8 Qd3 44. Bg3 Bxf3 45. Bc7 Be4 0-1

[Event "Budapest Spring op 10th"]
[Site "Budapest"]
[Date "1994.??.??"]
[Round "1"]
[White "Dao, Thien Hai"]
[Black "Kecskes, Gabor"]
[Result "1-0"]
[WhiteElo "2495"]
[BlackElo "2195"]
[PlyCount "97"]
[EventDate "1994.03.??"]
[EventType "swiss"]
[EventRounds "9"]
[EventCountry "HUN"]
[SourceTitle "EXT 1997"]
[Source "ChessBase"]
[SourceDate "1996.11.15"]
[SourceVersion "1"]
[SourceVersionDate "1996.11.15"]
[SourceQuality "1"]

1. d4 Nf6 2. c4 g6 3. Nc3 Bg7 4. e4 d6 5. Be2 0-0 6. Bg5 Na6 7. Qd2 e5 8. d5 c6 9. f3 cxd5 10. cxd5 Bd7 11. h4 Qa5 12. g4 Rfc8 13. Nh3 Nc5 14. Rb1 Na4 15. Nb5 Qxd2+ 16. Kxd2 Ne8 17. Nf2 a6 18. Nc3 Bf6 19. Be3 Bd8 20. Nfd1 b5 21. b4 Nb6 22. Nb2 Ng7 23. h5 g5 24. a3 h6 25. Rhc1 Kf8 26. Na2 Rxc1 27. Rxc1 Rc8 28. Nc3 Rb8 29. Rc2 Ne8 30. Na2 Nf6 31. Nc1 Ng8 32. Nb3 Ne7 33. Na5 Ke8 34. Rc1 Kf8 35. Kc2 Ke8 36. Kb3 Na4 37. Nxa4 bxa4+ 38. Ka2 Bb5 39. Nc4 Kd7 40. Bd1 Nc8 41. Nb2 Bb6 42. Bd2 Bd4 43. Nxa4 Nb6 44. Nxb6+ Rxb6 45. a4 Bd3 46. a5 Rb7 47. Ba4+ Ke7 48. Rc8 Kf6 49. Bc6 1-0

[Event "HUN-chT 9394"]
[Site "Hungary"]
[Date "1994.??.??"]
[Round "?"]
[White "Kecskes, Gabor"]
[Black "Balogh, Bela"]
[Result "1/2-1/2"]
[WhiteElo "2195"]
[BlackElo "2235"]
[PlyCount "37"]
[EventDate "1993.??.??"]
[EventType "team"]
[EventRounds "13"]
[EventCountry "HUN"]
[SourceTitle "TD"]
[Source "ChessBase"]
[SourceDate "1994.03.01"]
[SourceVersion "1"]
[SourceVersionDate "1994.03.01"]
[SourceQuality "1"]

1. d4 Nf6 2. c4 g6 3. Nc3 Bg7 4. e4 d6 5. Nf3 0-0 6. Be2 e5 7. 0-0 exd4 8. Nxd4 Nc6 9. Be3 Re8 10. f3 a6 11. Qd2 Ne5 12. Rad1 c5 13. Nc2 Be6 14. b3 Qa5 15. Nd5 Qxd2 16. Nxf6+ Bxf6 17. Rxd2 Rad8 18. Rfd1 Be7 19. Bf4 1/2-1/2

[Event "Budapest FS11 IM-A"]
[Site "Budapest"]
[Date "1994.??.??"]
[Round "5"]
[White "Kecskes, Gabor"]
[Black "Boros, Daniel"]
[Result "0-1"]
[WhiteElo "2110"]
[BlackElo "2260"]
[PlyCount "54"]
[EventDate "1994.11.??"]
[EventType "tourn"]
[EventRounds "11"]
[EventCountry "HUN"]
[EventCategory "2"]
[SourceTitle "EXT 1997"]
[Source "ChessBase"]
[SourceDate "1996.11.15"]
[SourceVersion "1"]
[SourceVersionDate "1996.11.15"]
[SourceQuality "1"]

1. d4 Nf6 2. c4 g6 3. Nc3 Bg7 4. e4 d6 5. Be2 0-0 6. Nf3 e5 7. Be3 Ng4 8. Bg5 f6 9. Bh4 g5 10. Bg3 Nh6 11. h3 Nc6 12. d5 Ne7 13. Nd2 f5 14. f3 Ng6 15. Qc2 Nf4 16. Bf1 fxe4 17. fxe4 g4 18. 0-0-0 Bd7 19. Kb1 a5 20. Nb5 a4 21. a3 Qb8 22. Bxf4 exf4 23. c5 Ra5 24. c6 bxc6 25. dxc6 Be6 26. Bc4 d5 27. exd5 Rxb5 0-1